Geography Quiz

Random Geography or State Quiz

Pieces of Maps (United States II) Quiz Stats

 Plays Quiz Updated Aug 22, 2018

Score 0/15 Timer 06:00
50 Plays Today
% Correct
1✓
97.1%
2✓
91.4%
4✓
91%
5✓
89.8%
3✓
87.8%
6✓
84.7%
10✓
81.2%
8✓
76.4%
% Correct
13✓
75.7%
9✓
72.1%
11✓
67.8%
15✓
67.3%
12✓
65.3%
7✓
61%
14✓
60.6%

You're not logged in!

Compare scores with friends on all Sporcle quizzes.
OR
Log In

Sporcle TV

Today on Sporcle TV


Watch our educational content, quiz creation guides, and fun videos on Sporcle TV.

Show Comments

Extras

Top Quizzes Today


Score Distribution

Your Account Isn't Verified!

In order to create a playlist on Sporcle, you need to verify the email address you used during registration. Go to your Sporcle Settings to finish the process.

Report this User

Report this user for behavior that violates our Community Guidelines.

Details: